000
00264nam a22001097a 4500
082
_a
954/CHA
100
_a
Chandra, Satish
_9
2511
245
_a
History of Medieval India
260
_a
Hyderabad
_b
Orient Blackswan
_c
2023
650
_a
Indian History
_9
227
942
_c
BK
999
_c
66229
_d
66229